[Event "Vienna State-ch"]
[Site "Vienna"]
[Date "2022.09.25"]
[Round "9"]
[White "Kruckenhauser, Arthur"]
[Black "Vitouch, Anatol"]
[Result "1/2-1/2"]
[WhiteElo "2289"]
[BlackElo "2252"]
[PlyCount "31"]
[EventDate "2022.09.17"]
[EventType "tourn"]
[EventRounds "9"]
[EventCountry "AUT"]
[EventCategory "5"]
[SourceTitle "CBM 210 Extra"]
[Source "ChessBase"]
[SourceDate "2022.11.30"]
[SourceVersion "1"]
[SourceVersionDate "2022.11.30"]
[SourceQuality "1"]

1. e4 e5 2. Nf3 Nf6 3. Nxe5 d6 4. Nf3 Nxe4 5. Nc3 Nf6 6. d4 Be7 7. Bd3 0-0 8. Bf4 Re8 9. 0-0 Bg4 10. Re1 Nbd7 11. Be2 a6 12. a4 d5 13. h3 Bh5 14. g4 Bg6 15. Ne5 Nxe5 16. Bxe5 1/2-1/2

[Event "AUT-chT 2122"]
[Site "Austria"]
[Date "2022.04.21"]
[Round "9.6"]
[White "Heberla, Bartlomiej"]
[Black "Vitouch, Anatol"]
[Result "1-0"]
[WhiteElo "2560"]
[BlackElo "2258"]
[PlyCount "65"]
[EventDate "2021.11.04"]
[EventType "team-tourn"]
[EventRounds "11"]
[EventCountry "AUT"]
[SourceTitle "EXT 2023"]
[Source "ChessBase"]
[SourceDate "2022.10.05"]
[SourceVersion "1"]
[SourceVersionDate "2022.10.05"]
[SourceQuality "1"]
[WhiteTeam "St Veit"]
[BlackTeam "Pamhagen"]
[WhiteTeamCountry "AUT"]
[BlackTeamCountry "AUT"]

1. d4 d5 2. c4 dxc4 3. e3 e5 4. Bxc4 exd4 5. Nf3 Bb4+ 6. Bd2 Bxd2+ 7. Qxd2 dxe3 8. Bxf7+ Ke7 9. Qxd8+ Kxd8 10. Nc3 c6 11. 0-0 Nh6 12. Bb3 Na6 13. Rad1+ Kc7 14. fxe3 Bg4 15. h3 Bxf3 16. gxf3 Nf5 17. Kf2 Rad8 18. Ne4 Rhe8 19. a3 h6 20. Bc2 Nd6 21. Nxd6 Rxd6 22. Rxd6 Kxd6 23. Rg1 Re7 24. f4 Nc5 25. Kf3 Ne6 26. h4 Kc5 27. Bf5 Nd8 28. e4 Kc4 29. Rd1 Nf7 30. e5 h5 31. Rd7 Rxd7 32. Bxd7 Kb3 33. Be6+ 1-0

[Event "AUT-chT2O 2122"]
[Site "Austria"]
[Date "2022.02.26"]
[Round "6.2"]
[White "Vitouch, Anatol"]
[Black "Peyrer, Konstantin"]
[Result "0-1"]
[WhiteElo "2285"]
[BlackElo "2300"]
[PlyCount "70"]
[EventDate "2021.10.16"]
[EventType "team-tourn"]
[EventRounds "11"]
[EventCountry "AUT"]
[SourceTitle "EXT 2023"]
[Source "ChessBase"]
[SourceDate "2022.10.05"]
[SourceVersion "1"]
[SourceVersionDate "2022.10.05"]
[SourceQuality "1"]
[WhiteTeam "Pamhagen II"]
[BlackTeam "Ottakring"]
[WhiteTeamCountry "AUT"]
[BlackTeamCountry "AUT"]

1. c4 g6 2. g3 Bg7 3. Bg2 Nc6 4. Nc3 d6 5. e4 e5 6. Nge2 Nge7 7. d3 Be6 8. Nd5 0-0 9. 0-0 f5 10. Be3 Qd7 11. Qd2 Rab8 12. Rae1 b5 13. cxb5 Rxb5 14. Nec3 Rbb8 15. Nxe7+ Nxe7 16. Bxa7 Rbd8 17. exf5 gxf5 18. Be3 f4 19. gxf4 Ng6 20. fxe5 Nh4 21. f4 Nxg2 22. Qxg2 Bh3 23. Qd5+ Kh8 24. Rf3 Be6 25. Qb5 c6 26. Qa4 dxe5 27. Bc5 Rf5 28. Qa7 exf4 29. Qxd7 Bxd7 30. d4 Rg8 31. Kf2 Bf6 32. Rg1 Rg6 33. Ne2 Bg5 34. a4 Be6 35. Nc3 Bh4+ 0-1

[Event "AUT-chT2O 2122"]
[Site "Austria"]
[Date "2022.01.15"]
[Round "3.4"]
[White "Vitouch, Anatol"]
[Black "Polak, Tomas"]
[Result "1/2-1/2"]
[WhiteElo "2285"]
[BlackElo "2528"]
[PlyCount "105"]
[EventDate "2021.10.16"]
[EventType "team-tourn"]
[EventRounds "11"]
[EventCountry "AUT"]
[SourceTitle "EXT 2023"]
[Source "ChessBase"]
[SourceDate "2022.10.05"]
[SourceVersion "1"]
[SourceVersionDate "2022.10.05"]
[SourceQuality "1"]
[WhiteTeam "Pamhagen II"]
[BlackTeam "Hietzing"]
[WhiteTeamCountry "AUT"]
[BlackTeamCountry "AUT"]

1. c4 Nf6 2. g3 c6 3. Bg2 d5 4. Nf3 Bg4 5. Ne5 Be6 6. cxd5 Bxd5 7. Nf3 c5 8. Nc3 Bc6 9. 0-0 Nbd7 10. d4 e6 11. Qd3 Qb6 12. Rd1 Rd8 13. Qc2 cxd4 14. Nxd4 Bxg2 15. Kxg2 Be7 16. e4 0-0 17. Bf4 Bb4 18. Ndb5 Rc8 19. Qe2 Qa6 20. Bd6 Bxd6 21. Rxd6 Rc6 22. Rad1 Ne5 23. Rxc6 Nxc6 24. a3 h5 25. h3 h4 26. e5 Nd5 27. Nxd5 exd5 28. Rxd5 hxg3 29. Kxg3 Ne7 30. Rd1 Nf5+ 31. Kh2 Re8 32. Rd5 Qa4 33. b4 a6 34. Nc7 Re7 35. Qd3 g6 36. Rd8+ Kg7 37. Qc3 Qc6 38. Qxc6 bxc6 39. Ne8+ Kh6 40. Nf6 Kg5 41. Rc8 Rxe5 42. Rxc6 a5 43. Ng4 Rd5 44. Rc4 Rd3 45. a4 axb4 46. Rxb4 f6 47. a5 Ra3 48. Rb5 Ra2 49. Kg2 Kf4 50. Rb4+ Kg5 51. Rb5 Kf4 52. Rb4+ Kg5 53. Rb5 1/2-1/2

[Event "AUT-chT 2021"]
[Site "Austria"]
[Date "2021.01.23"]
[Round "3.3"]
[White "Kilgus, Georg"]
[Black "Vitouch, Anatol"]
[Result "1/2-1/2"]
[WhiteElo "2461"]
[BlackElo "2283"]
[PlyCount "128"]
[EventDate "2021.01.22"]
[EventType "team-tourn"]
[EventRounds "7"]
[EventCountry "AUT"]
[SourceTitle "CBM 200 Extra"]
[Source "ChessBase"]
[SourceDate "2021.03.31"]
[SourceVersion "1"]
[SourceVersionDate "2021.03.31"]
[SourceQuality "1"]
[WhiteTeam "Grieskirchen/Schallerbach"]
[BlackTeam "Pamhagen"]
[WhiteTeamCountry "AUT"]
[BlackTeamCountry "AUT"]

1. e4 d5 2. exd5 Qxd5 3. Nf3 Bg4 4. Be2 Nc6 5. d4 0-0-0 6. c4 Qf5 7. 0-0 Nf6 8. Be3 e5 9. d5 e4 10. Nd4 Bxe2 11. Qxe2 Nxd4 12. Bxd4 Bd6 13. Nc3 Ng4 14. h3 Nh2 15. Rfd1 Nf3+ 16. Kf1 Rhe8 17. c5 Nxd4 18. Rxd4 Bxc5 19. Rxe4 Rxe4 20. Nxe4 Bb6 21. Nc3 Qd7 22. Rd1 Re8 23. Qd3 f5 24. b4 g6 25. g3 Qd6 26. Qc4 a6 27. a4 Kb8 28. a5 Ba7 29. Rd2 Re5 30. Re2 Kc8 31. h4 Rxe2 32. Nxe2 Qe5 33. Kg2 Qe4+ 34. Qxe4 fxe4 35. Nc3 e3 36. fxe3 Bxe3 37. Ne4 Kd7 38. Kf3 Bd4 39. Kf4 Ke7 40. h5 gxh5 41. Kg5 Bg7 42. Kxh5 Kd7 43. Nc5+ Kc8 44. Nd3 b6 45. Kg5 Kd7 46. Kf5 Bc3 47. Ne5+ Kd6 48. b5 bxa5 49. bxa6 Bd4 50. Ke4 Bb6 51. Nc4+ Kc5 52. Nxa5 Kb5 53. Nc6 Kxa6 54. g4 Kb5 55. Ne5 Ba5 56. Nf3 Bc3 57. Ng5 h6 58. Ne6 c5 59. Nd8 Bf6 60. Nf7 c4 61. Nxh6 c3 62. Kd3 Kc5 63. g5 Bxg5 64. Kxc3 Kxd5 1/2-1/2

[Event "AUT-chT2O 1920"]
[Site "Austria"]
[Date "2020.01.18"]
[Round "6.3"]
[White "Steindl, Johannes"]
[Black "Vitouch, Anatol"]
[Result "1-0"]
[WhiteElo "2278"]
[BlackElo "2286"]
[PlyCount "91"]
[EventDate "2019.10.19"]
[EventType "team-tourn"]
[EventRounds "11"]
[EventCountry "AUT"]
[SourceTitle "CBM 194 Extra"]
[Source "ChessBase"]
[SourceDate "2020.03.31"]
[SourceVersion "1"]
[SourceVersionDate "2020.03.31"]
[SourceQuality "1"]
[WhiteTeam "Wien Ottakring"]
[BlackTeam "Pamhagen"]
[WhiteTeamCountry "AUT"]
[BlackTeamCountry "AUT"]

1. e4 d5 2. exd5 Qxd5 3. Nf3 Bg4 4. Be2 Nc6 5. h3 Bxf3 6. Bxf3 Qe6+ 7. Qe2 Qxe2+ 8. Bxe2 0-0-0 9. d3 g6 10. 0-0 Bh6 11. Na3 e5 12. c3 Bxc1 13. Rfxc1 Nge7 14. b4 Nd5 15. g3 h5 16. Nc4 f6 17. h4 Rhe8 18. Bf3 Nce7 19. Na5 c6 20. b5 b6 21. Nb3 cxb5 22. a4 bxa4 23. Rxa4 Kb8 24. d4 Nc8 25. dxe5 fxe5 26. Be4 Nde7 27. c4 Nd6 28. Bg2 Ndf5 29. Rca1 Nc8 30. c5 Rd3 31. cxb6 Rxb3 32. bxa7+ Nxa7 33. Rxa7 Rb1+ 34. Rxb1+ Kxa7 35. Be4 Re6 36. Rb7+ Ka6 37. Bxf5 gxf5 38. Rh7 Kb6 39. Rxh5 Rf6 40. Rh8 Kc6 41. h5 Kd5 42. h6 Ke4 43. Kg2 Rg6 44. h7 Rg7 45. f3+ Ke3 46. Re8 1-0

[Event "AUT-chT2O 1819"]
[Site "Austria"]
[Date "2018.12.01"]
[Round "5.1"]
[White "Kummer, Helmut"]
[Black "Vitouch, Anatol"]
[Result "0-1"]
[WhiteElo "2297"]
[BlackElo "2319"]
[PlyCount "120"]
[EventDate "2018.10.06"]
[EventType "team-tourn"]
[EventRounds "11"]
[EventCountry "AUT"]
[SourceTitle "CBM 187 Extra"]
[Source "ChessBase"]
[SourceDate "2018.11.04"]
[SourceVersion "1"]
[SourceVersionDate "2018.11.04"]
[SourceQuality "1"]
[WhiteTeam "Donaustadt"]
[BlackTeam "Pamhagen"]
[WhiteTeamCountry "AUT"]
[BlackTeamCountry "AUT"]

1. d4 e6 2. c4 d5 3. Nc3 Nf6 4. Bg5 Be7 5. e3 Nbd7 6. Nf3 h6 7. Bh4 0-0 8. Rc1 c5 9. dxc5 dxc4 10. c6 bxc6 11. Bxc4 Qb6 12. Qe2 Bb7 13. 0-0 c5 14. e4 Rfe8 15. Bb5 Bc6 16. Bxc6 Qxc6 17. Rfd1 Rab8 18. Rd2 Rb4 19. Re1 Bf8 20. h3 Reb8 21. Bg3 R8b7 22. b3 c4 23. Nd4 Qc8 24. Rc2 Bc5 25. Nf3 cxb3 26. axb3 Rxb3 27. Na4 Qf8 28. Ne5 Bd4 29. Nc6 Rxg3 30. Nxd4 Ra3 31. Nc3 Nc5 32. e5 Nfd7 33. Ncb5 Ra4 34. Qd1 Rb6 35. f4 Rb4 36. Nxa7 Qa8 37. Ra2 Qd5 38. Rd2 Qb7 39. Nac6 Rxc6 40. Nxc6 Qxc6 41. Rd4 Rxd4 42. Qxd4 Qd5 43. Qxd5 exd5 44. Rd1 Nb6 45. Kf2 g6 46. g4 Ne6 47. Kf3 Kf8 48. h4 Ke7 49. Rb1 Nd7 50. Rb7 Nec5 51. Rc7 d4 52. Rc6 Ne6 53. Ra6 g5 54. fxg5 hxg5 55. h5 Nxe5+ 56. Kg3 d3 57. Ra2 Nc5 58. h6 d2 59. h7 Ng6 60. Ra7+ Kf6 0-1

[Event "AUT-ch"]
[Site "Vienna"]
[Date "2018.07.27"]
[Round "7"]
[White "Vitouch, Anatol"]
[Black "Fauland, Alexander"]
[Result "0-1"]
[WhiteElo "2317"]
[BlackElo "2419"]
[PlyCount "76"]
[EventDate "2018.07.22"]
[EventType "swiss"]
[EventRounds "9"]
[EventCountry "AUT"]
[SourceTitle "CBM 185 Extra"]
[Source "ChessBase"]
[SourceDate "2018.07.29"]
[SourceVersion "1"]
[SourceVersionDate "2018.07.29"]
[SourceQuality "1"]

1. d4 Nf6 2. Bg5 e6 3. e4 h6 4. Bxf6 Qxf6 5. c3 d6 6. Bd3 Nd7 7. Ne2 c6 8. 0-0 e5 9. f4 Qe7 10. Nd2 g6 11. f5 gxf5 12. exf5 d5 13. dxe5 Nxe5 14. Nf3 Ng4 15. Qd2 h5 16. Nf4 Kd8 17. Rae1 Qf6 18. c4 dxc4 19. Bxc4+ Kc7 20. Ng5 Bc5+ 21. Kh1 Rd8 22. Nd3 Be3 23. Rxe3 Qxg5 24. Rf4 Nxe3 25. Qxe3 Rd6 26. h4 Qf6 27. Ne5 Bd7 28. Nxf7 Rd1+ 29. Kh2 Re8 30. Qxa7 Qxb2 31. Qa5+ Kb8 32. Rf3 Qd4 33. Bf1 Qxh4+ 34. Kg1 Rd5 35. Qb6 Bxf5 36. Nd6 Rxd6 37. Rxf5 Rf6 38. Ra5 Rxf1+ 0-1

[Event "AUT-ch"]
[Site "Vienna"]
[Date "2018.07.26"]
[Round "6"]
[White "Goessler, Markus"]
[Black "Vitouch, Anatol"]
[Result "0-1"]
[WhiteElo "2190"]
[BlackElo "2317"]
[PlyCount "86"]
[EventDate "2018.07.22"]
[EventType "swiss"]
[EventRounds "9"]
[EventCountry "AUT"]
[SourceTitle "CBM 185 Extra"]
[Source "ChessBase"]
[SourceDate "2018.07.29"]
[SourceVersion "1"]
[SourceVersionDate "2018.07.29"]
[SourceQuality "1"]

1. e4 e6 2. d4 d5 3. Nd2 c5 4. exd5 exd5 5. Ngf3 a6 6. Be2 Nf6 7. 0-0 Be7 8. dxc5 Bxc5 9. Nb3 Bb6 10. Qd3 0-0 11. Be3 Bc7 12. c3 Bg4 13. h3 Bh5 14. Bd4 Nbd7 15. Nh4 Bxe2 16. Qxe2 Re8 17. Qf3 Ne5 18. Bxe5 Rxe5 19. Nf5 Ne4 20. Ne3 Qd6 21. Rfd1 Rg5 22. Nf1 Qg6 23. Nd4 Re8 24. Re1 Bb6 25. Rad1 h5 26. Ne3 Rge5 27. h4 Nd6 28. g3 Bxd4 29. cxd4 Re4 30. Ng2 Rxe1+ 31. Nxe1 Re4 32. Ng2 Nf5 33. Qb3 Qc6 34. Nf4 Nxh4 35. Nxd5 Nf5 36. a3 h4 37. Nb4 Qg6 38. Qf3 Nxd4 39. Qd3 hxg3 40. fxg3 Ne2+ 41. Kh2 Nxg3 42. Qd8+ Kh7 43. Rg1 Nf1+ 0-1

[Event "AUT-chT2O 1718"]
[Site "Austria"]
[Date "2017.12.02"]
[Round "5.5"]
[White "Belke, Frank"]
[Black "Vitouch, Anatol"]
[Result "1/2-1/2"]
[WhiteElo "2266"]
[BlackElo "2357"]
[PlyCount "67"]
[EventDate "2017.10.21"]
[EventType "team-tourn"]
[EventRounds "11"]
[EventCountry "AUT"]
[SourceTitle "EXT 2019"]
[Source "ChessBase"]
[SourceDate "2018.10.10"]
[SourceVersion "1"]
[SourceVersionDate "2018.10.10"]
[SourceQuality "1"]
[WhiteTeam "Hietzing"]
[BlackTeam "Pamhagen II"]
[WhiteTeamCountry "AUT"]
[BlackTeamCountry "AUT"]

1. d4 e6 2. c4 f5 3. Nc3 Nf6 4. Bg5 Bb4 5. e3 b6 6. Be2 Bb7 7. Bf3 Bxf3 8. Nxf3 Bxc3+ 9. bxc3 0-0 10. Ne5 Qc8 11. Bxf6 Rxf6 12. Qf3 c6 13. 0-0 d6 14. Nd3 Qa6 15. Nb2 Qa3 16. Rab1 Qxc3 17. Rfc1 Qa5 18. c5 d5 19. Nd3 b5 20. a4 a6 21. Ra1 Nd7 22. axb5 Qxb5 23. Qd1 a5 24. Rcb1 Qa6 25. Nb4 Qc8 26. Qa4 e5 27. f4 e4 28. Na2 Qc7 29. Rb3 Rff8 30. Rab1 Rfb8 31. Nc1 h6 32. Rxb8+ Rxb8 33. Rxb8+ Nxb8 34. Nb3 1/2-1/2

[Event "AUT-chT2O 1617"]
[Site "Austria"]
[Date "2016.11.12"]
[Round "3.1"]
[White "Vitouch, Anatol"]
[Black "Wilke, Werner"]
[Result "1-0"]
[WhiteElo "2320"]
[BlackElo "2226"]
[PlyCount "137"]
[EventDate "2016.10.15"]
[EventType "team-tourn"]
[EventRounds "11"]
[EventCountry "AUT"]
[SourceTitle "CBM 175 Extra"]
[Source "ChessBase"]
[SourceDate "2016.12.12"]
[SourceVersion "1"]
[SourceVersionDate "2016.12.12"]
[SourceQuality "1"]
[WhiteTeam "Pamhagen"]
[BlackTeam "Poechlarn"]
[WhiteTeamCountry "AUT"]
[BlackTeamCountry "AUT"]

1. g3 e5 2. c4 c5 3. Bg2 g6 4. Nc3 Bg7 5. Nf3 Ne7 6. 0-0 0-0 7. Ne1 d6 8. Nc2 Nbc6 9. a3 Be6 10. Ne3 Qd7 11. Ned5 Bh3 12. d3 Bxg2 13. Kxg2 f5 14. e4 f4 15. gxf4 exf4 16. Nxf4 Ne5 17. f3 g5 18. Nh5 N7g6 19. Bxg5 h6 20. Be3 Nh4+ 21. Kh1 Nhxf3 22. Rf2 Qh3 23. Nf4 Qg4 24. Ncd5 Ng5 25. Rg2 Qxd1+ 26. Rxd1 Kh7 27. Ne7 Nef3 28. Nf5 Be5 29. Rf1 Rae8 30. h4 Rxf5 31. exf5 Nxh4 32. Rxg5 hxg5 33. Nd5 g4 34. Bf4 g3 35. Bxg3 Nxf5 36. Rxf5 Bxg3 37. Rf7+ Kg6 38. Rxb7 Re2 39. b4 cxb4 40. axb4 Rh2+ 41. Kg1 Rd2 42. b5 Kf5 43. Rf7+ Kg6 44. Rf3 Be5 45. Kf1 Ra2 46. Nb4 Ra4 47. Nc6 Bf6 48. Re3 Kf7 49. Kf2 Bg5 50. Re4 Ra2+ 51. Kf3 Ra1 52. Kg4 Bf6 53. Kf5 Rf1+ 54. Rf4 Ra1 55. Nb4 Be5 56. Rf3 Ra3 57. Nd5 Ra1 58. d4 Bg7 59. Ke4+ Ke6 60. Nc7+ Ke7 61. Kd5 Rd1 62. Rf4 Be5 63. Rh4 Bg7 64. Ne6 Be5 65. Rh7+ Kf6 66. Rxa7 Bg3 67. b6 Rb1 68. b7 Bh2 69. Nd8 1-0

[Event "AUT-chT2O 1516"]
[Site "Austria"]
[Date "2016.04.09"]
[Round "10.3"]
[White "Vitouch, Anatol"]
[Black "Sadilek, Peter"]
[Result "1/2-1/2"]
[WhiteElo "2254"]
[BlackElo "2280"]
[PlyCount "166"]
[EventDate "2015.10.17"]
[EventType "team-tourn"]
[EventRounds "11"]
[EventCountry "AUT"]
[SourceTitle "EXT 2017"]
[Source "ChessBase"]
[SourceDate "2016.10.25"]
[SourceVersion "1"]
[SourceVersionDate "2016.10.25"]
[SourceQuality "1"]
[WhiteTeam "Pamhagen"]
[BlackTeam "Tschaturanga"]
[WhiteTeamCountry "AUT"]
[BlackTeamCountry "AUT"]

1. g3 d5 2. Nf3 Nf6 3. c4 e6 4. Bg2 Be7 5. 0-0 0-0 6. b3 c5 7. Bb2 Nc6 8. e3 b6 9. Nc3 Bb7 10. cxd5 Nxd5 11. Nxd5 Qxd5 12. d4 Rad8 13. Ne5 Qd6 14. dxc5 Qxc5 15. Nd7 Qf5 16. e4 Qg5 17. h4 Qh6 18. Bc1 g5 19. hxg5 Qg7 20. e5 Bxg5 21. Bxg5 Qxg5 22. f4 Qxg3 23. Rf3 Qg7 24. Kf2 Kh8 25. Rg3 Qh6 26. Qd2 Nxe5 27. Qe3 Rxd7 28. Bxb7 Ng6 29. Bc6 Rdd8 30. Rg4 Qg7 31. Rh1 Qd4 32. Be4 Kg7 33. f5 Qxe3+ 34. Kxe3 exf5 35. Bxf5 Rfe8+ 36. Re4 Rxe4+ 37. Bxe4 Re8 38. Kd4 Rd8+ 39. Kc4 Rc8+ 40. Kd5 Rc5+ 41. Kd6 f5 42. Bd5 Rc2 43. Rh5 Nf4 44. Rxf5 Nxd5 45. Rxd5 Rxa2 46. Kc6 Rb2 47. Rd3 h5 48. Kb7 Ra2 49. Rd7+ Kg6 50. Rd6+ Kg5 51. Rd5+ Kg4 52. Rd4+ Kg3 53. Rd3+ Kg2 54. Rd4 Ra3 55. Rd2+ Kf3 56. Rd3+ Kf4 57. Rd4+ Ke3 58. Rh4 Ra5 59. b4 Rg5 60. Kxa7 b5 61. Kb6 Kf3 62. Rd4 Rf5 63. Rd3+ Kg4 64. Ka5 h4 65. Rd4+ Kg3 66. Rd3+ Kg2 67. Rd2+ Kf3 68. Rd3+ Ke4 69. Rc3 Kd4 70. Rh3 Rh5 71. Kb6 Kc4 72. Ka5 Rh8 73. Rh1 Ra8+ 74. Kb6 Rb8+ 75. Ka5 Rh8 76. Rc1+ Kb3 77. Kxb5 Rh5+ 78. Rc5 Rh8 79. Rc1 h3 80. Rb1+ Kc3 81. Rc1+ Kd2 82. Rh1 h2 83. Ka6 Ke2 1/2-1/2

[Event "AUT-chT2O 1516"]
[Site "Austria"]
[Date "2016.02.21"]
[Round "6.5"]
[White "Petran, Peter"]
[Black "Vitouch, Anatol"]
[Result "1/2-1/2"]
[WhiteElo "2360"]
[BlackElo "2254"]
[PlyCount "52"]
[EventDate "2015.10.17"]
[EventType "team-tourn"]
[EventRounds "11"]
[EventCountry "AUT"]
[SourceTitle "EXT 2017"]
[Source "ChessBase"]
[SourceDate "2016.10.25"]
[SourceVersion "1"]
[SourceVersionDate "2016.10.25"]
[SourceQuality "1"]
[WhiteTeam "Mattersburg"]
[BlackTeam "Pamhagen"]
[WhiteTeamCountry "AUT"]
[BlackTeamCountry "AUT"]

1. Nf3 c5 2. g3 Nc6 3. Bg2 g6 4. c3 Bg7 5. d4 cxd4 6. cxd4 d5 7. Nc3 e6 8. 0-0 Nge7 9. Rb1 Nf5 10. e3 0-0 11. b4 Nd6 12. a4 Re8 13. Nd2 Bd7 14. Ba3 Bf8 15. Qb3 Rc8 16. Rfc1 h5 17. Qd1 Nf5 18. Rb3 a5 19. b5 Nb4 20. Ncb1 Rxc1 21. Qxc1 Bd6 22. Qd1 Qb8 23. Nf3 Rc8 24. Rc3 Rxc3 25. Nxc3 Qc8 26. Bb2 Be7 1/2-1/2